Report backs village housing (Record no. 117027)

MARC details
000 -LEADER
fixed length control field 01223cam a2200229 4500
001 - CONTROL NUMBER
control field WB4007-15
008 - FIXED-LENGTH DATA ELEMENTS--GENERAL INFORMATION
fixed length control field 040217n2004 000 0 eng u
035 ## - SYSTEM CONTROL NUMBER
System control number (Sirsi) u125166
245 ## - TITLE STATEMENT
Title Report backs village housing
260 ## - PUBLICATION, DISTRIBUTION, ETC.
Date of publication, distribution, etc. 2004
490 ## - SERIES STATEMENT
Series statement CLA Press Release
Volume/sequential designation 9 February 2004 (2)
520 ## - SUMMARY, ETC.
Summary, etc. A report by the Country Land and Business Association (CLA) claims that planning authorities should be able to meet local housing needs by allowing homes to be built on the edge of villages. The CLA backs the retention of the exception site policy and suggests that the re-use of farm buildings for housing should be made easier and that such buildings should be classed as brownfield. "Housing the rural economy" can be viewed on the CLA website, http://www.cla.org.uk/article.php?page=news&subPag e=Press%20Releases&docnum=674&CLA=ddfd1750a51bd491 5546c09a098e8020. CLA press release, http://www.cla.org.uk/article.php?docnum=666&page= news&CLA=ddfd1750a51bd4915546c09a098e8020
590 ## - LOCAL NOTE (RLIN)
Local note WB
590 ## - LOCAL NOTE (RLIN)
Local note WB
650 ## - SUBJECT ADDED ENTRY--TOPICAL TERM
Topical term or geographic name entry element RURAL HOUSING
650 ## - SUBJECT ADDED ENTRY--TOPICAL TERM
Topical term or geographic name entry element PLANNING AUTHORITIES
650 ## - SUBJECT ADDED ENTRY--TOPICAL TERM
Topical term or geographic name entry element VILLAGES
650 ## - SUBJECT ADDED ENTRY--TOPICAL TERM
Topical term or geographic name entry element HOUSING NEED
650 ## - SUBJECT ADDED ENTRY--TOPICAL TERM
Topical term or geographic name entry element FARM BUILDINGS
690 ## - LOCAL SUBJECT ADDED ENTRY--TOPICAL TERM (OCLC, RLIN)
Topical term or geographic name as entry element PLANNING-PRACTICE
942 ## - ADDED ENTRY ELEMENTS (KOHA)
Suppress in OPAC 0
Holdings
Withdrawn status Lost status Source of classification or shelving scheme Damaged status Not for loan Home library Current library Shelving location Date acquired Total Checkouts Full call number Barcode Date last seen Copy number Price effective from Koha item type
    Dewey Decimal Classification     London London News article 17/02/2004   WB4007-15 125166-1001 06/08/2019 1 06/08/2019 News article